|
|
|
|
| LEADER |
00789 a2200181 4500 |
| 008 |
190629b ||||| |||| 00| 0 eng d |
| 020 |
|
|
|a 9780749398002
|
| 082 |
|
|
|a 894.81236C1
|
| 100 |
|
|
|a Calvino, Italo
|
| 245 |
|
|
|a Mr Palomar /
|c Italo Calvino
|
| 260 |
|
|
|b Vintage,
|c 1999
|a London :
|
| 300 |
|
|
|a 118p. ;
|c 20 cm.
|
| 650 |
|
|
|a Italian fiction
|
| 700 |
|
|
|a Weaver, William.
|e translator
|
| 942 |
|
|
|2 ddc
|c BK
|
| 999 |
|
|
|c 336111
|d 336111
|
| 952 |
|
|
|0 0
|1 0
|2 ddc
|4 0
|6 894_000000000000000_81236C1_MRP
|7 0
|9 385269
|a UL
|b UL
|c ST1
|d 2019-06-14
|g 291.27
|l 2
|m 1
|o 894.81236C1 MRP
|p 99739
|q 2022-02-02
|r 2022-01-03
|s 2022-01-03
|v 399.00
|y BK
|
| 952 |
|
|
|0 0
|1 0
|2 ddc
|4 0
|6 894_000000000000000_81236C1_MRP
|7 0
|9 416523
|a UL
|b UL
|c PROC
|d 2021-06-04
|e Donation -I.G.Bhaskara Panikker Family
|o 894.81236C1 MRP
|p G12999
|r 2021-06-04
|v 0.00
|y BK
|